000 00347nam a2200133Ia 4500
008 151001s9999||||xx |||||||||||||| ||und||
100 _aनेत्रसिंग रावत
245 _aपत्थर और पानी
250 _a1
260 _bसंभावना
260 _c2003
300 _a101
365 _b21
999 _c980929
_d980926